Komunikačné kompetencie vo finančnom riadení podnikov pôsobiacich v SR v kontexte súčasných globálnych procesov
Metódy a postupy, ktorých cieľom je rozvinúť zložky finančnej gramotnosti, úspešnosti finančného riadenia podniku a úrovne komunikačných kompetencií finančných manažérov ale aj ostatných zamestnancov podniku.
Saved in:
| Main Author: | |
|---|---|
| Other Authors: | |
| Format: | Book Chapter |
| Language: | Slovak |
| Subjects: | |
| Tags: |
No Tags, Be the first to tag this record!
|
MARC
| LEADER | 00000naa$a2200000$$$4500 | ||
|---|---|---|---|
| 001 | 0148944 | ||
| 005 | 20240502083342.5 | ||
| 041 | 0 | |a slo | |
| 044 | |a CZ | ||
| 245 | 1 | 0 | |a Komunikačné kompetencie vo finančnom riadení podnikov pôsobiacich v SR v kontexte súčasných globálnych procesov |c Miroslava Szarková, Ľubomíra Gertler |
| 520 | |a Metódy a postupy, ktorých cieľom je rozvinúť zložky finančnej gramotnosti, úspešnosti finančného riadenia podniku a úrovne komunikačných kompetencií finančných manažérov ale aj ostatných zamestnancov podniku. | ||
| 610 | 2 | 0 | |a manažment |
| 610 | 2 | 0 | |a manažment finančný |
| 610 | 2 | 0 | |a manažment komunikačný |
| 610 | 2 | 0 | |a procesy podnikové |
| 610 | 2 | 0 | |a riadenie podnikové |
| 610 | 2 | 0 | |a riadenie finančné |
| 100 | 1 | |a Szarková, Miroslava, 1951- | |
| 700 | 1 | |a Gertler, Ľubomíra, 1977- | |